| 000 | 01026nam a2200241 i 4500 | ||
|---|---|---|---|
| 001 | 171547 | ||
| 003 | ES-MaACL | ||
| 005 | 20250520195915.0 | ||
| 008 | 090519s19061910fr |||| | fre d | ||
| 080 | _a782.1 | ||
| 100 | 1 |
_aLéna, Maurice. _9140237 |
|
| 245 | 1 | 3 |
_aLe Jongleur de Notre-Dame _b: miracle en trois actes / _cpoème de Maurice Léna ; musique de J. Massenet. |
| 260 |
_aParis : _bHeugel, _c1906. |
||
| 300 |
_a1 v. (47 p. ; 43 p.) ; _c18 cm. |
||
| 501 | _aEncuadernado con : Don Quichotte : comédie lyrique en cinq actes / poème de Henri Cain, d'après la comédie héroïque de Le Lorrain ; musique de J. Massenet. - Paris : Heugel, 1910. | ||
| 650 | 4 |
_aÓperas- _vLibretos. _9137584 |
|
| 700 | 1 |
_aMassenet, Jules, _d1842-1912 _9240595 |
|
| 700 | 1 |
_aCain, Henri. _9137954 |
|
| 700 | 1 |
_aLe Lorrain, Jacques. _9140238 |
|
| 740 | 0 | _aDon Quichotte : comédie lyrique en cinq actes. | |
| 852 | 4 |
_aES-MaACL _jE-12652 _9R.190331 _z. - Biblioteca Jacinto Martínez Lacalle |
|
| 999 |
_c171547 _d171547 |
||